00396pab a2200133 454500008004000000100002900040245008400069260000900153300001400162362000800176650002700184650001800211773003300229180718b2007 xxu||||| |||| 00| 0 eng d aSchwartzman, Luisa Farah aDoes money whiten? intergenerational changes in racial classification in Brazil c2007 ap.940-63. aDec aEthnic groups - Brazil aEthnic groups aAmerican sociological Review